000 011110000a22002170004500
020 _a978-958-714-074-3 :
_19.200
082 0 4 _aG 398.09861 J614f
100 1 _aJiménez Meneses, Orián
245 1 0 _aEl frenesí del vulgo: fiestas, juegos y bailes en la sociedad colonial / Orían Jiménez Meneses
260 _aMedellín : Universidad de Antioquia
300 _a157 p.
440 0 _aCol. Premios Nacionales de Cultura Universidad de Antioquia
500 _aIII premio nacional de ensayo en estudios culturales (2007)
505 0 0 _aFiestas, juegos y bailes. Un balance - Fiestas religiosas y celebraciones políticas - Juegos de envite y azar: el vértigo de la vida - Bailes y música: los ritmos festivos de la vida colonial
650 1 4 _aFOLCLOR - HISTORIA - COLOMBIA \ FIESTAS POPULARES - HISTORIA - COLOMBIA \ DANZAS POPULARES Y NACIONALES COLOMBIANAS \ FESTIVIDADES RELIGIOSAS - HISTORIA - COLOMBIA \ RITOS Y CEREMONIAS - HISTORIA - COLOMBIA
001 4452
942 _cBK
999 _c35048
_d35048
336 _atexto
_btxt
_2rdacontent
337 _2rdamedia
_asin mediación
_bn
338 _2rdacarrier
_avolumen
_bnc